| 000 | 00531nam a2200169 i 4500 | ||
|---|---|---|---|
| 001 | 97887 | ||
| 003 | ES-MaACL | ||
| 005 | 20250823063054.0 | ||
| 007 | t| | ||
| 008 | 050719s1928 sp ||||1| spa d | ||
| 100 | 1 |
_aEza, Luis Marichalar y Monreal, _cVizconde de, _d1873-1945 _976705 |
|
| 245 | 1 | 0 |
_aProblemas político-sociales / _cpor el Vizconde de Eza. |
| 260 |
_aToledo : _b[s.n.], _c1928 ( _fImp. Colegio de María Cristina) |
||
| 300 |
_a404 p. ; _c24 cm. |
||
| 852 |
_aES-MaACL _jF-11579 |
||
| 999 |
_c97887 _d97887 |
||